Profitability and unemployment based on the Marshall lectures given at the University of Cambridge 1978

Guardado en:
Detalles Bibliográficos
Autor principal: Malinvaud, Edmond
Formato: Libro
Lenguaje:inglés
Publicado: Cambridge Cambridge University Press 2008
Edición:re-issue
Materias:
Etiquetas: Agregar Etiqueta
Sin Etiquetas, Sea el primero en etiquetar este registro!

MARC

LEADER 00000nam$a2200000$$$4500
001 0078260
005 20221207101254.0
020 |a 0-521-06714-6 
020 |a 978-0-521-06714-0 
041 0 |a eng 
044 |a GB 
245 1 0 |a Profitability and unemployment  |b based on the Marshall lectures given at the University of Cambridge 1978  |c Edmond Malinvaud 
250 |a re-issue 
264 1 |a Cambridge  |b Cambridge University Press  |c 2008 
300 |a 108 s. 
610 2 0 |a zisk 
610 2 0 |a nezamestnanosť 
610 2 0 |a politika hospodárska 
610 2 0 |a makroekonomika 
610 2 0 |a príjmy 
610 2 0 |a distribúcia 
610 2 0 |a teórie ekonomické 
100 1 |a Malinvaud, Edmond